Siva Leela: (Record no. 191535)

MARC details
000 -LEADER
fixed length control field 00556nam a22001817a 4500
005 - DATE AND TIME OF LATEST TRANSACTION
control field 20220829144331.0
010 ## - LCCN (DPL NO)
LC control number ENG-134755
020 ## - INTERNATIONAL STANDARD BOOK NUMBER
International Standard Book Number 9788192070063
Terms of availability 700.00
035 ## - SYSTEM CONTROL NUMBER
System control number EN-118287
037 ## - SOURCE OF ACQUISITION
Source of stock number/acquisition DBAD/PUB
082 ## - DEWEY DECIMAL CLASSIFICATION NUMBER
Classification number 294.52113
100 ## - MAIN ENTRY--PERSONAL NAME
Personal name Subrahmanyam, K.
245 ## - TITLE STATEMENT
Title Siva Leela:
Remainder of title The Devine Sport of Siva/
Statement of responsibility, etc K. Subrahmanyam
260 ## - PUBLICATION, DISTRIBUTION, ETC. (IMPRINT)
Place of publication, distribution, etc Chennai
Name of publisher, distributor, etc Universal Publishing
Date of publication, distribution, etc 2015
270 ## - ADDRESS
Address 69, Royapettah High Road, 142 IOA Complex,
City Chennai
Postal code 600014
300 ## - PHYSICAL DESCRIPTION
Extent 277p.
Dimensions 20cm(pbk)
942 ## - ADDED ENTRY ELEMENTS (KOHA)
Source of classification or shelving scheme Dewey Decimal Classification
Item type English Books
Classification part 294.52113
Call number suffix SUB
Holdings
Withdrawn status Lost status Not for loan Collection code Home library Current library Date acquired Source of acquisition Cost, normal purchase price Full call number Barcode Copy number Cost, replacement price Koha item type
      Non-fiction Bawana Bawana 29/08/2022 DBAD/PUB 700.00 294.52113 SUB EN-118287 1 700.00 English Books

© Delhi Public Library
Hit Counter
free hit counter